000 00728nam a22002417a 4500
003 OSt
005 20140310181937.0
008 130724t xxu||||| |||| 00| 0 eng d
020 _a0451521897
050 _aPR 5486
_b.St847 1981
082 _aCLA
_bSt4t 1981
100 _aStevenson, Robert Louis
_91663
245 _aTreasure island /
_cRobert Louis Stevenson.
260 _aNew York :
_bWashington Square Press,
_cc1981.
300 _a223 p. :
_c17 cm.
541 _j1
562 _e1
650 _aTreasure Island (Imaginary places)
_xFiction.
_93451
650 _aPirates
_xFiction.
_93452
650 _aAdventure and adventures
_xFiction.
_93453
650 _aBurried treasure.
_93446
942 _2lcc
_cBBK
_kCLA
999 _c7568
_d7568